000 00661nas a2200217 4500
001 BR9508332
003 BR-BrBNA
005 20231205095458.0
007 ta
008 230509b bl.|||p| |||| 00| 00por d
040 _aBR-BrBNA
_bpor
_cBiblioteca Nacional de Agricultura
041 _a(Pt)
072 _aE20
100 1 _aVeiga Filho, A.A.
245 1 _aA contabilidade social do setor agricola, estado de Sao Paulo, 1971/72
650 _aContabilidade
650 _aSao Paulo
773 0 _tAgricultura em Sao Paulo (Brazil)
_xISSN 0044-6793
_g(1977), v. 24(1-2) p. 95-118
_wBR9508332
909 _a202311
_bLúcia
_c55
_dLúcia Elande
942 _2AGRIS
_n0
_cANA
999 _c150941
_d150941